000 01553cam a2200313 a 4500
001 3010
003 FISKH
005 20240130143519.0
008 840925s1984 cau 000 1 eng
010 _a 84022375
020 _a0156711427 (pbk.) :
040 _aDLC
_cDLC
_dDLC
_dOCoLC
_dDLC
_dFISKH
_beng
043 _aa-ii---
050 0 0 _aPR6011.O58
_bP3 1984
082 0 0 _a823/.912
_219
100 1 _aForster, E. M.
_q(Edward Morgan),
_d1879-1970.
245 1 2 _aA passage to India /
_cE.M. Forster.
260 _aSan Diego :
_bHarcourt Brace Jovanovich,
_c1984.
300 _a322 pages :
_c21 cm
500 _a"A Harvest/HBJ book."
520 _aA mysterious incident at the Marabar Caves, involving Adela Quested, newly arrived from England, and Dr Aziz, an Indian doctor, leads to a drama that divides the British and Indian communities in anger, distrust, and fear. Forsters great novel brings to life all the dangers and misunderstandings of colonialism but, as Forster himself wrote, the story is about something wider than politics, about the search of the human race for a more lasting home, about the universe as embodied in the Indian earth and the Indian sky, about the horror lurking in the Marabar Caves...
650 0 _aRace relations
_xFiction.
650 0 _aBritish
_zIndia
_xFiction.
651 0 _aIndia
_xFiction.
655 7 _aPolitical fiction.
_2lcsh
856 4 2 _3Publisher description
_uhttp://www.loc.gov/catdir/description/har041/84022375.html
906 _a7
_bcbc
_corignew
_d1
_eocip
_f19
_gy-gencatlg
942 _2ddc
_cBK
_n0
999 _c3010
_d3010